000 02008cad a22002415a 4500
001 L148543
008 090930e20090929xxkad f s f000 0 eng d
020 _a9781409818250
035 _a(Sirsi) u148543
041 0 _aeng
050 0 4 _a333.33 $2 18
110 2 _aNational Centre for Social Research
_94125
245 0 0 _aHousing in England 2007-08
_ba report principally from the 2007-08 survey of English housing
_h[electronic resource]
260 _aLondon
_bDCLG
_c2009
505 2 _aAcknowledgements -- Notes to tables -- Introduction -- Sample design and response -- Data collection -- Weighting and grossing -- Data presentation and interpretation -- Trends in tenure and cross tenure topics -- New and recently moved households -- Owner occupiers and second homes -- Social renters -- Private renters -- Households in deprived areas -- Attitudes to the local area and tenants' views of their landlord -- Appendices: definitions and terms; survey design and response; grossing and weighting; sampling errors; list of tables and charts; data access and how to contact us
520 _aReport based on the results of English Housing Survey started in the year beginning April 2007. The findings include owner occupation remaining the most common form of tenure, forming 68.3% of all households in England. Renting is considerably more prevalent in London, where owner occupation stands at 55%. The proportion of younger householders (aged 25-29) who are in privately rented accommodation has risen from 19% in 1993 to 38% in 2007-08. Second homes in England have risen by 35% in the last 11 years and households having a second home abroad have risen by 135%. Provides detailed statistics.
521 _aAdvanced
590 _aKA NTK
651 4 _aEngland and Wales
_y1543-
690 _aResidential property
_96266
856 4 0 _uhttps://www.communities.gov.uk/publications/corporate/statistics/housingengland200708
_zView the item free of charge online at www.communities.gov.uk...
942 _n0
999 _c110094
_d110094